00277nam a2200097Ia 4500008004000000082001600040100003900056245003500095260003500130300001400165210210b2002 xxu||||| |||| 00| 0 eng d a801.95 RIVL aRIVKIN (Julie) and RYAN (Michael). aLiterary theory: an anthology. aUKbBlackwell publishersc2002 axxii,1246